000 00567nam a2200181 i 4500
001 99547
003 ES-MaACL
007 t|
008 050913s1984 sp ||||1| spa d
100 1 _aMartínez-Barbeito, Carlos,
_d1913-1997
_977884
245 1 3 _aEl "Auto gallego" en la historia, en los tratadistas y en la práctica forense /
_cCarlos Martínez-Barbeito.
260 _aA Coruña :
_bDo Castro,
_c1984.
300 _a189 p. ;
_c19 cm.
490 1 _aEnsaio
830 0 _aEnsaio
_9179268
852 _aES-MaACL
_jL-7979
_bR.107245
999 _c99547
_d99547